000 00285nam a22001337a 4500
008 221031b ||||| |||| 00| 0 eng d
041 _aeng
080 _a32
082 _a32HEI
100 _a19
101 _aSHKP
245 _aTRADITION IN SCIENCE
_cHEISENBERG W
942 _2udc
_cBK
999 _c58704
_d58704